[Event "Marianske Lazne op 50+"]
[Site "Marianske Lazne"]
[Date "2019.01.24"]
[Round "7"]
[White "Chmelik, Jiri"]
[Black "Polich, Sergey"]
[Result "1/2-1/2"]
[WhiteElo "1977"]
[BlackElo "2112"]
[PlyCount "97"]
[EventDate "2019.01.19"]
[EventType "swiss"]
[EventRounds "9"]
[EventCountry "CZE"]
[SourceTitle "CBM 188 Extra"]
[Source "ChessBase"]
[SourceDate "2019.02.26"]
[SourceVersion "1"]
[SourceVersionDate "2019.02.26"]
[SourceQuality "1"]

1. d4 f5 2. Nf3 Nf6 3. g3 g6 4. Bg2 Bg7 5. 0-0 d6 6. c4 0-0 7. Nc3 Nc6 8. d5 Na5 9. Qd3 c5 10. Bd2 a6 11. Rab1 Ne4 12. b3 Rb8 13. Rbd1 Nxd2 14. Nxd2 b5 15. e3 bxc4 16. Nxc4 Nxc4 17. bxc4 Qa5 18. Ne2 Qxa2 19. Nf4 Rb3 20. Rd2 Rb2 21. Rxb2 Qxb2 22. Rb1 Qc3 23. Qe2 a5 24. Ne6 Bxe6 25. dxe6 Qa3 26. Bd5 Be5 27. Rb7 Bf6 28. g4 fxg4 29. Qxg4 a4 30. h4 Qa1+ 31. Kg2 a3 32. h5 Kh8 33. hxg6 Rg8 34. Be4 Qe5 35. Ra7 h5 36. Qf3 Kg7 37. Rxa3 Rb8 38. Bd5 Qg5+ 39. Qg3 Qxg6 40. Rd3 Rb2 41. Kf3 Be5 42. Qxg6+ Kxg6 43. Rd1 Bf6 44. Be4+ Kg7 45. Rg1+ Kh8 46. Rg6 Bh4 47. Rg2 Bf6 48. Rg6 Bh4 49. Rg2 1/2-1/2

[Event "Marianske Lazne op 50+"]
[Site "Marianske Lazne"]
[Date "2019.01.22"]
[Round "4"]
[White "Van Kesteren, Stef"]
[Black "Chmelik, Jiri"]
[Result "1/2-1/2"]
[WhiteElo "1853"]
[BlackElo "1977"]
[PlyCount "34"]
[EventDate "2019.01.19"]
[EventType "swiss"]
[EventRounds "9"]
[EventCountry "CZE"]
[SourceTitle "CBM 188 Extra"]
[Source "ChessBase"]
[SourceDate "2019.02.26"]
[SourceVersion "1"]
[SourceVersionDate "2019.02.26"]
[SourceQuality "1"]

1. e4 c5 2. c3 Nf6 3. e5 Nd5 4. g3 Qc7 5. Nf3 Nc6 6. Qe2 e6 7. Bg2 Be7 8. 0-0 0-0 9. Na3 a6 10. Nc2 Rb8 11. Re1 b5 12. d3 Bb7 13. Bd2 Rbe8 14. Rac1 Qb8 15. d4 cxd4 16. cxd4 Ncb4 17. Nxb4 Nxb4 1/2-1/2

[Event "Marianske Lazne op 50+"]
[Site "Marianske Lazne"]
[Date "2019.01.20"]
[Round "2"]
[White "Stocek, Jiri"]
[Black "Chmelik, Jiri"]
[Result "0-1"]
[WhiteElo "1314"]
[BlackElo "1977"]
[PlyCount "86"]
[EventDate "2019.01.19"]
[EventType "swiss"]
[EventRounds "9"]
[EventCountry "CZE"]
[SourceTitle "CBM 188 Extra"]
[Source "ChessBase"]
[SourceDate "2019.02.26"]
[SourceVersion "1"]
[SourceVersionDate "2019.02.26"]
[SourceQuality "1"]

1. c4 Nf6 2. Nc3 e6 3. Nf3 Bb4 4. d4 b6 5. Bf4 Bb7 6. e3 0-0 7. Bd3 Ne4 8. Bxe4 Bxc3+ 9. bxc3 Bxe4 10. 0-0 d6 11. d5 e5 12. Bg3 Nd7 13. Nd2 Bd3 14. Re1 e4 15. f3 Nc5 16. f4 Qc8 17. Qh5 f5 18. Bh4 Na4 19. Rac1 Nb2 20. Ra1 Nxc4 21. Nf1 Qb7 22. Ng3 Qxd5 23. Qg5 Qf7 24. Nh5 h6 25. Nf6+ Qxf6 26. Qg3 Qf7 27. a3 Kh7 28. Qf2 Qh5 29. h3 g5 30. Bg3 Rf7 31. Bh2 Rg8 32. Kh1 Na5 33. Rg1 g4 34. Qg3 Rfg7 35. Qf2 g3 36. Bxg3 Rxg3 37. Kh2 Qh4 38. Qa2 Nc4 39. Rae1 Rxe3 40. Rxe3 Qxf4+ 41. g3 Qxe3 42. Rg2 Ne5 43. Qe6 Nf3+ 0-1

[Event "Wch Seniors 65 26th"]
[Site "Marianske Lazne"]
[Date "2016.11.23"]
[Round "5"]
[White "Svec, Ludek"]
[Black "Chmelik, Jiri"]
[Result "0-1"]
[WhiteElo "1702"]
[BlackElo "2000"]
[PlyCount "74"]
[EventDate "2016.11.19"]
[EventType "swiss"]
[EventRounds "11"]
[EventCountry "CZE"]
[SourceTitle "CBM 175 Extra"]
[Source "ChessBase"]
[SourceDate "2016.12.12"]
[SourceVersion "1"]
[SourceVersionDate "2016.12.12"]
[SourceQuality "1"]

1. d4 Nf6 2. c4 e6 3. g3 c5 4. d5 exd5 5. cxd5 d6 6. Nc3 g6 7. e4 Bg7 8. Bg2 0-0 9. Nf3 Re8 10. Qc2 Na6 11. 0-0 Nb4 12. Qb1 Nbxd5 13. Bg5 Nxc3 14. bxc3 h6 15. Bxf6 Qxf6 16. Qd3 Bg4 17. h3 Bxf3 18. Bxf3 Qxc3 19. Rad1 Qxd3 20. Rxd3 Be5 21. Rb1 c4 22. Rd5 b6 23. Be2 Rac8 24. f4 Bg7 25. Rc1 Rxe4 26. Bd3 Rd4 27. Rxd4 Bxd4+ 28. Kf1 b5 29. a4 a6 30. axb5 axb5 31. f5 Rc5 32. Bb1 gxf5 33. Rd1 Be5 34. Bxf5 b4 35. Rb1 b3 36. Ke2 Bxg3 37. Bd7 Bf4 0-1

[Event "CZE-ch Seniors 70"]
[Site "Rychnov nad Kneznou"]
[Date "2015.08.22"]
[Round "8"]
[White "Chmelik, Jiri"]
[Black "Pojedziniec, Wladyslaw"]
[Result "1/2-1/2"]
[WhiteElo "1981"]
[BlackElo "2048"]
[PlyCount "20"]
[EventDate "2015.08.15"]
[EventType "swiss"]
[EventRounds "9"]
[EventCountry "CZE"]
[SourceTitle "EXT 2016"]
[Source "ChessBase"]
[SourceDate "2015.10.08"]
[SourceVersion "1"]
[SourceVersionDate "2015.10.08"]
[SourceQuality "1"]

1. d4 d5 2. Nf3 Nf6 3. c4 c6 4. Nc3 dxc4 5. a4 Bf5 6. e3 e6 7. Bxc4 Bb4 8. 0-0 0-0 9. Nh4 Bg4 10. f3 Bh5 1/2-1/2

[Event "CZE-ch Seniors 70"]
[Site "Rychnov nad Kneznou"]
[Date "2015.08.15"]
[Round "1"]
[White "Matoulek, Jaroslav"]
[Black "Chmelik, Jiri"]
[Result "0-1"]
[WhiteElo "1680"]
[BlackElo "1981"]
[PlyCount "58"]
[EventDate "2015.08.15"]
[EventType "swiss"]
[EventRounds "9"]
[EventCountry "CZE"]
[SourceTitle "EXT 2016"]
[Source "ChessBase"]
[SourceDate "2015.10.08"]
[SourceVersion "1"]
[SourceVersionDate "2015.10.08"]
[SourceQuality "1"]

1. e4 c5 2. Nf3 d6 3. c3 Nf6 4. Be2 e6 5. 0-0 Be7 6. d3 0-0 7. Bg5 b6 8. Nbd2 Bb7 9. Rc1 Nbd7 10. Qa4 h6 11. Bh4 Nh5 12. Bxe7 Qxe7 13. d4 Nf4 14. Rfe1 Nxe2+ 15. Rxe2 Rfc8 16. Rce1 cxd4 17. Qxd4 Nf6 18. e5 dxe5 19. Nxe5 Rd8 20. Qh4 Nd5 21. Qg3 Rac8 22. Nb3 Qf6 23. Nd3 Ba6 24. Nbc1 Ne7 25. Re4 Nf5 26. Qh3 Rc4 27. Rxc4 Bxc4 28. Ne5 Qxe5 29. Ne2 Qxe2 0-1

[Event "Teplice op 10th"]
[Site "Teplice"]
[Date "2015.06.21"]
[Round "9"]
[White "Chmelik, Jiri"]
[Black "Koblasa, Josef"]
[Result "1/2-1/2"]
[WhiteElo "1980"]
[BlackElo "1865"]
[PlyCount "168"]
[EventDate "2015.06.13"]
[EventType "swiss"]
[EventRounds "9"]
[EventCountry "CZE"]
[SourceTitle "EXT 2017"]
[Source "ChessBase"]
[SourceDate "2016.10.25"]
[SourceVersion "1"]
[SourceVersionDate "2016.10.25"]
[SourceQuality "1"]

1. d4 g6 2. c4 Bg7 3. e4 d6 4. Nc3 Nf6 5. f3 0-0 6. Be3 Nbd7 7. Nh3 e5 8. d5 Ne8 9. Be2 f5 10. exf5 gxf5 11. f4 Ndf6 12. 0-0 Ng4 13. Bc1 c6 14. fxe5 Qb6+ 15. Kh1 Bxe5 16. Bxg4 fxg4 17. Rxf8+ Kxf8 18. Ng5 Kg7 19. Nce4 Nf6 20. Nxf6 Bxf6 21. Ne4 Be5 22. Qd2 Bf5 23. Qg5+ Bg6 24. Be3 Qd8 25. Rf1 Qxg5 26. Nxg5 Bxb2 27. Ne6+ Kg8 28. dxc6 bxc6 29. Bd4 Bxd4 30. Nxd4 Rf8 31. Rxf8+ Kxf8 32. Nxc6 Bf7 33. Nxa7 Bxc4 34. a3 Ke7 35. Nc8+ Ke6 36. Kg1 Ba6 37. Nb6 Ke5 38. Kf2 Kd4 39. Ke1 Bb7 40. g3 Kc3 41. Na4+ Kb3 42. Nb6 d5 43. Kd2 Kxa3 44. Kd3 Kb4 45. Kd4 Kb5 46. Nxd5 Kc6 47. Nf6 Kd6 48. Nxg4 Ke6 49. Ke3 Kf5 50. Nf2 Bc6 51. Nd3 Bb5 52. Nf4 Bc6 53. h3 Bb5 54. Nd5 Bf1 55. h4 Bc4 56. Nb4 Bb5 57. Nc2 Ba4 58. Nd4+ Kg4 59. Kf2 Bd7 60. Nc2 Kf5 61. Ne3+ Ke4 62. Nc4 Kf5 63. Nd6+ Kf6 64. Kf3 Ke5 65. Nc4+ Kf6 66. g4 Bb5 67. Nb6 Bc6+ 68. Kf4 Bb5 69. Nd5+ Kf7 70. Ne3 Bd3 71. Nf5 Be2 72. h5 Bd1 73. Ng3 Bc2 74. g5 Bb1 75. Nf5 Bc2 76. Ke5 Bd1 77. Ng3 Bg4 78. Kf4 Bd1 79. Kf5 Bc2+ 80. Ne4 Bd3 81. Ke5 Be2 82. Nf6 Bxh5 83. Nxh7 Kg6 84. Nf6 Kxg5 1/2-1/2

[Event "Teplice op 10th"]
[Site "Teplice"]
[Date "2015.06.20"]
[Round "8"]
[White "Szostko, Jakub"]
[Black "Chmelik, Jiri"]
[Result "1-0"]
[WhiteElo "2153"]
[BlackElo "1980"]
[PlyCount "49"]
[EventDate "2015.06.13"]
[EventType "swiss"]
[EventRounds "9"]
[EventCountry "CZE"]
[SourceTitle "EXT 2017"]
[Source "ChessBase"]
[SourceDate "2016.10.25"]
[SourceVersion "1"]
[SourceVersionDate "2016.10.25"]
[SourceQuality "1"]

1. e4 c5 2. Nf3 d6 3. d4 cxd4 4. Nxd4 Nf6 5. Nc3 e6 6. Be2 Be7 7. 0-0 Nc6 8. Be3 0-0 9. f4 Qc7 10. Kh1 a6 11. Qe1 Nxd4 12. Bxd4 b5 13. a3 Bb7 14. Qg3 Bc6 15. Rae1 Qb7 16. Bd3 b4 17. axb4 Qxb4 18. Ne2 Qb7 19. e5 dxe5 20. Bxe5 Nh5 21. Qh3 g6 22. Nd4 Rad8 23. Nxc6 Qxc6 24. Re3 Bf6 25. Qxh5 1-0

[Event "Teplice op 10th"]
[Site "Teplice"]
[Date "2015.06.19"]
[Round "7"]
[White "Chmelik, Jiri"]
[Black "Daverkausen, Bernd"]
[Result "1/2-1/2"]
[WhiteElo "1980"]
[BlackElo "2177"]
[PlyCount "85"]
[EventDate "2015.06.13"]
[EventType "swiss"]
[EventRounds "9"]
[EventCountry "CZE"]
[SourceTitle "EXT 2017"]
[Source "ChessBase"]
[SourceDate "2016.10.25"]
[SourceVersion "1"]
[SourceVersionDate "2016.10.25"]
[SourceQuality "1"]

1. d4 Nf6 2. c4 c5 3. d5 b5 4. cxb5 a6 5. bxa6 g6 6. Nc3 Bxa6 7. Nf3 Bg7 8. e4 Bxf1 9. Kxf1 d6 10. g3 0-0 11. Kg2 Nbd7 12. h3 Ra6 13. Re1 Nb6 14. Rb1 Qa8 15. Bg5 h6 16. Bc1 Nfd7 17. Re2 Rb8 18. Qc2 Nc4 19. Nh4 Rab6 20. b3 Na3 21. Bxa3 Qxa3 22. Nd1 Rb4 23. Ne3 Nb6 24. e5 Qa8 25. e6 Nxd5 26. exf7+ Kxf7 27. Qxg6+ Kf8 28. Kh2 Rxh4 29. gxh4 Nf4 30. Qf5+ Kg8 31. Qg4 h5 32. Qxf4 Be5 33. Rg1+ Kh7 34. Qxe5 dxe5 35. Nc4 Qf3 36. Rd2 Rf8 37. Rg5 Qf4+ 38. Rg3 Qxh4 39. Nxe5 Rf5 40. Re2 Qf6 41. Nd3 Rd5 42. Nf4 Qxf4 43. Rxe7+ 1/2-1/2

[Event "Teplice op 8th"]
[Site "Teplice"]
[Date "2013.06.24"]
[Round "9"]
[White "Chmelik, Jiri"]
[Black "Steiner, Bruno"]
[Result "1-0"]
[WhiteElo "2001"]
[BlackElo "2169"]
[PlyCount "97"]
[EventDate "2013.06.15"]
[EventType "swiss"]
[EventRounds "9"]
[EventCountry "CZE"]
[SourceTitle "CBM 155 Extra"]
[Source "ChessBase"]
[SourceDate "2013.08.26"]
[SourceVersion "1"]
[SourceVersionDate "2013.08.26"]
[SourceQuality "1"]

1. d4 Nf6 2. c4 c5 3. e3 e6 4. Nf3 d5 5. Nc3 a6 6. dxc5 Bxc5 7. a3 0-0 8. b4 Ba7 9. Bb2 Qe7 10. Be2 Rd8 11. Qc2 Nc6 12. 0-0 Bd7 13. Rac1 Rac8 14. Qb3 dxc4 15. Bxc4 b5 16. Be2 e5 17. Nd5 Nxd5 18. Qxd5 e4 19. Ne5 Be8 20. Nxc6 Rxc6 21. Qb3 Rh6 22. Qc3 f5 23. Rfd1 Bb8 24. Rxd8 Bxh2+ 25. Kf1 Be5 26. Bc4+ bxc4 27. Qxe5 Rh1+ 28. Ke2 Qxe5 29. Bxe5 Rxc1 30. Rxe8+ Kf7 31. Rc8 Rc2+ 32. Ke1 h5 33. Rc7+ Ke6 34. Bxg7 h4 35. Bd4 Rc1+ 36. Kd2 Rg1 37. Rg7 Rf1 38. Ke2 Rc1 39. f4 Rc2+ 40. Kd1 Ra2 41. Rh7 Kd5 42. Rxh4 c3 43. Rh8 Rxa3 44. Rc8 Rb3 45. Rc5+ Ke6 46. Bxc3 Rb1+ 47. Kc2 Rg1 48. Re5+ Kf6 49. Rxe4+ 1-0

[Event "Teplice op 8th"]
[Site "Teplice"]
[Date "2013.06.21"]
[Round "7"]
[White "Chmelik, Jiri"]
[Black "Zima, Tomas"]
[Result "1-0"]
[WhiteElo "2001"]
[BlackElo "1832"]
[PlyCount "49"]
[EventDate "2013.06.15"]
[EventType "swiss"]
[EventRounds "9"]
[EventCountry "CZE"]
[SourceTitle "CBM 155 Extra"]
[Source "ChessBase"]
[SourceDate "2013.08.26"]
[SourceVersion "1"]
[SourceVersionDate "2013.08.26"]
[SourceQuality "1"]

1. d4 d5 2. c4 c6 3. Nf3 Nf6 4. Nc3 e6 5. e3 Nbd7 6. Qc2 dxc4 7. Bxc4 b5 8. Be2 Bb7 9. 0-0 Be7 10. e4 0-0 11. e5 Nd5 12. Nxd5 exd5 13. Be3 Re8 14. Bd3 Nf8 15. Nd2 g5 16. f4 gxf4 17. Bxf4 Bg5 18. Rf3 Bxf4 19. Rxf4 Ng6 20. Rf6 Kg7 21. Raf1 Re7 22. e6 fxe6 23. Bxg6 hxg6 24. Qxg6+ Kh8 25. Qh6+ 1-0

[Event "Teplice op 8th"]
[Site "Teplice"]
[Date "2013.06.20"]
[Round "6"]
[White "Ptacnikova, Lenka"]
[Black "Chmelik, Jiri"]
[Result "1-0"]
[WhiteElo "2255"]
[BlackElo "2001"]
[PlyCount "67"]
[EventDate "2013.06.15"]
[EventType "swiss"]
[EventRounds "9"]
[EventCountry "CZE"]
[SourceTitle "CBM 155 Extra"]
[Source "ChessBase"]
[SourceDate "2013.08.26"]
[SourceVersion "1"]
[SourceVersionDate "2013.08.26"]
[SourceQuality "1"]

1. c4 e5 2. g3 Nf6 3. Bg2 Nc6 4. Nc3 Bb4 5. Nd5 Be7 6. d3 0-0 7. Nf3 d6 8. 0-0 h6 9. h3 Be6 10. e4 Qd7 11. Kh2 Nd8 12. d4 exd4 13. Nxd4 c6 14. Nxe7+ Qxe7 15. Nf5 Bxf5 16. exf5 Re8 17. Bf4 d5 18. b3 Qd7 19. g4 b6 20. Rc1 Nb7 21. cxd5 c5 22. Qd3 Nd6 23. Rfe1 Rad8 24. Be5 Nfe4 25. f4 Nf6 26. Qc3 Nb5 27. Qb2 Qe7 28. a4 Nxg4+ 29. hxg4 Qh4+ 30. Bh3 Nd4 31. Re3 h5 32. Rg1 f6 33. Bxd4 cxd4 34. Re6 1-0

[Event "Teplice op 8th"]
[Site "Teplice"]
[Date "2013.06.18"]
[Round "4"]
[White "Badelka, Olga"]
[Black "Chmelik, Jiri"]
[Result "1/2-1/2"]
[WhiteElo "1817"]
[BlackElo "2001"]
[PlyCount "73"]
[EventDate "2013.06.15"]
[EventType "swiss"]
[EventRounds "9"]
[EventCountry "CZE"]
[SourceTitle "CBM 155 Extra"]
[Source "ChessBase"]
[SourceDate "2013.08.26"]
[SourceVersion "1"]
[SourceVersionDate "2013.08.26"]
[SourceQuality "1"]

1. e4 c5 2. Nf3 d6 3. c3 Nf6 4. h3 Nc6 5. Bd3 e5 6. 0-0 Be7 7. Bc2 0-0 8. Re1 Qc7 9. Bb3 Na5 10. Ba4 a6 11. d4 b5 12. Bc2 Bb7 13. d5 Nc4 14. b3 Nb6 15. Nbd2 Rfe8 16. Nf1 Bf8 17. Bg5 Nbd7 18. Ne3 g6 19. Ng4 Nxg4 20. hxg4 Bg7 21. Qd2 f6 22. Bh4 h6 23. Bg3 Nf8 24. Nh4 g5 25. Nf5 Bc8 26. Nxg7 Kxg7 27. f3 Ng6 28. Kf2 Rh8 29. Rh1 Bd7 30. Qe3 Rh7 31. Bd1 Be8 32. Be2 Nf4 33. Bxf4 exf4 34. Qd2 Qe7 35. Rab1 Qe5 36. a3 a5 37. Qd3 1/2-1/2

[Event "Teplice op 7th"]
[Site "Teplice"]
[Date "2012.06.19"]
[Round "4"]
[White "Chmelik, Jiri"]
[Black "Jasny, Stanislav"]
[Result "0-1"]
[WhiteElo "2069"]
[BlackElo "2348"]
[PlyCount "74"]
[EventDate "2012.06.16"]
[EventType "swiss"]
[EventRounds "9"]
[EventCountry "CZE"]
[SourceTitle "CBM 149 Extra"]
[Source "ChessBase"]
[SourceDate "2012.08.24"]
[SourceVersion "1"]
[SourceVersionDate "2012.08.24"]
[SourceQuality "1"]

1. d4 Nf6 2. c4 e6 3. Nc3 Bb4 4. e3 0-0 5. Bd3 d5 6. Nf3 c5 7. 0-0 Nc6 8. a3 Bxc3 9. bxc3 dxc4 10. Bxc4 Qc7 11. Bb5 Rd8 12. Qc2 Na5 13. Bd3 c4 14. Be2 Nb3 15. Rb1 b5 16. Nd2 Bb7 17. f3 Nxc1 18. Rfxc1 Bc6 19. Nf1 e5 20. Rd1 Nd5 21. e4 Nb6 22. Rd2 Qe7 23. Qc1 g6 24. Ra1 Na4 25. Bd1 Nb6 26. Be2 a5 27. Ne3 h5 28. Bf1 Na4 29. Nd1 Qa7 30. Rb1 exd4 31. cxd4 Rxd4 32. Rxd4 Qxd4+ 33. Qe3 Rd8 34. Kf2 Qxe3+ 35. Kxe3 Kf8 36. Nb2 Nxb2 37. Rxb2 Rd1 0-1